Greenest Countries - Statistics

General Stats
  • This quiz has been taken 400 times
  • The average score is 10 of 15
Answer Stats
EPI Score (Out of 100) Country % Correct
78.04 Norway
87%
78.09 Sweden
87%
76.92 Denmark
80%
80.47 Germany
80%
77.35 United Kingdom
77%
76.50 Iceland
76%
77.75 Netherlands
69%
87.67 Switzerland
69%
78.32 Austria
66%
79.79 Spain
61%
82.40 Australia
60%
83.29 Luxembourg
54%
81.78 Singapore
36%
76.43 Slovenia
35%
81.47 Czech Republic
30%
No matching quizzes found
Score Distribution
Percent of People with Each Score
Percentile by Number Answered
Your Score History
You have not taken this quiz